Gares sur la ligne d'Amiens à Rouen - Statistiques

Statistiques générales
  • Ce quiz a été pris 40 fois
  • Le résultat moyen est 7 sur 13
Statistiques - réponses
Département Gare % Correct
Somme (80) Amiens
95%
Somme (80) Poix-de-Picardie
70%
(80) Saint-Roch (Somme)
70%
Seine-Maritime (76) Rouen-Rive-Droite
68%
Seine-Maritime (76) Serqueux
62%
(60) Abancourt
59%
(76) Morgny
49%
(76) Montérolier - Buchy
46%
Oise (60) Formerie
38%
(76) Longuerue - Vieux-Manoir
38%
(76) Sommery
35%
(80) Namps - Quevauvillers
30%
Oise (60) Fouilloy
19%
Aucun quiz correspondant
Distribution des résultats
% des personnes avec chaque résultat
Percentile par nombre de réponses
Votre historique - résultats
Vous n’avez pas pris ce quiz